000 01131nam0a2200301 4500
001 RU\NLR\bibl\986316
005 20260406083255.0
010 _a5-17-038036-4
_bАСТ
010 _a5-9725-0524-X
_bАстрель-СПб
_95000
021 _aRU
_b2006-50562
_92498
035 _a(NLR Aleph) 000974178
090 _a418209
_c418209
100 _a20060920d2006 |||y0rusy50 ca
101 0 _arus
102 _aRU
105 _aa |||||||||
200 1 _aТонна анекдотов киношных
_f[сост. Роман Трахтенберг
_gхудож. Е.А. Осипов]
210 _aМосква
_cАСТ
_aСанкт-Петербург
_cАстрель-СПб
_d2006
215 _a285, [1] с.
_cил.
_d21
225 1 _aОт Трахтенберга
225 1 _aСерия "Анекдоты от Романа Трахтенберга"
686 _aШ3(2=1Р)72-670
702 1 _4220
_8rus
_7ca
_aТрахтенберг
_bР. Л.
_f1968-2009
_gРоман Львович
_3RU\NLR\auth\7749526
_932461
801 0 _aRU
_bNLR
_c20060920
_grcr
801 1 _aRU
_bNLR
_c20060920
942 _cBOOK
980 _aNB